00927nam a2200265 a 4500001000400000003001000004005001700014008004100031020001800072040002500090080002000115090002800135100003200163245006100195250001200256260003500268300003400303504002500337505006700362590004400429650002600473942001200499952013700511999001300648677BR-CuiBMT20231127144444.0231110b2012 spb 000 0 por d a9788502143326 aBR-CuiBMTcBR-CuiBMT 22007a347x(81) a347(81)bD585cc28. ed.1 aDiniz, Maria Helena,d1956-10aCurso de direito civil brasileiro /cMaria Helena Diniz. a27. ed. aSão Paulo :bSaraiva,c2012. a913 p. :bil. color. ;c22 cm aInclui bibliografia.1 av. 3. Teoria das obrigações contratuais e extracontratuais aA Biblioteca possui somente o volume 3. aDireito civilzBrasil 2udccLV 00102udc4070aBIBTCEMTbBIBTCEMTd2013-04-02hv. 3l0o347(81) D585c 28. ed.pBIBTCEMT23110521r2023-11-13tEx. 1w2023-11-13yLV c677d677